| 000 | 00444pab a2200169 454500 | ||
|---|---|---|---|
| 008 | 180718b1995 xxu||||| |||| 00| 0 eng d | ||
| 100 | _aUngerson, Clare | ||
| 245 |
_aGender, cash and informal care _bEuropean perspectives and dilemmas. |
||
| 260 | _c1995 | ||
| 300 | _ap.31-52 | ||
| 362 | _aJan | ||
| 650 | _aSocial welfare - Europe | ||
| 650 | _aWomen - Europe | ||
| 650 | _aWomen | ||
| 773 | _aJournal of Social Policy | ||
| 909 | _a30663 | ||
| 999 |
_c30663 _d30663 |
||